| 000 | 00603nam a2200193 i 4500 | ||
|---|---|---|---|
| 001 | 101584 | ||
| 003 | ES-MaACL | ||
| 007 | t| | ||
| 008 | 051020s1972 it ||||1| spa d | ||
| 100 | 1 |
_aMedvedev, Roy A. _979779 |
|
| 245 | 1 | 3 |
_aLo stalinismo / _cRoy A. Medvedev; a cura di David Joravsky e Georges Haupt; traduziones di Rafaello Uboldi. |
| 250 | _a1ยช ed. | ||
| 260 |
_aMilano : _bMondadori, _c1972. |
||
| 300 |
_aXLI, 738 p. ; _c22 cm. |
||
| 700 | 1 |
_aJoravsky, David. _966892 |
|
| 700 | 1 |
_aHaupt, Georges. _962095 |
|
| 700 | 1 |
_aUboldi, Rafaello. _9111847 |
|
| 852 |
_aES-MaACL _jE-5876 _bR.90187 |
||
| 999 |
_c101584 _d101584 |
||